000 01055nam a22002537a 4500
999 _c65550
_d65550
005 20240530110830.0
008 190903s2006 ua a g b 000 0 ara d
017 _a2006/5249
_bمصر. دار الكتب
040 _aEG-CaGPL
_cEG-CaGPL
082 0 4 _221
_a808.2 \
_bل م
100 1 _aلينارد ، جون
245 1 2 _aالمرجع فى فن الدراما :
_bمرشد لدراسة المسرحيات /
_cتأليف جون لينارد ، مارى لوكهارست ؛ ترجمة وتقديم محمد رفعت يونس ؛ مراجعة اسامة مدنى
250 _aط.1
260 _aالقاهرة :
_bالمجلس الاعلى للثقافة،
_c2006
300 _a595 ص. ؛
_c24 سم.
650 0 7 _2qrmak
_aالدراما
650 0 7 _aالمسرحيات
_2qrmak
651 _2qrmak
700 0 _aاسامة مدنى
_eمراجع
700 0 _aمارى لوكهارست
_eمؤلف مشارك
700 0 _aمحمد رفعت يونس
_eمترجم ومقدم
942 _2ddc
_cBK